African Landlocked Countries on Map - Statistics

General Stats
  • This quiz has been taken 54 times
  • The average score is 15 of 16
Answers on the Map
Answers color-coded by a green-red scale on the quiz's map according to % correct below.
 
Answer Stats
Answer % Correct
Rwanda
98%
Uganda
98%
Botswana
95%
Burkina Faso
95%
Central African
Republic
95%
Chad
95%
Eswatini
95%
Ethiopia
95%
Malawi
95%
South Sudan
95%
Zambia
95%
Lesotho
93%
Mali
93%
Niger
90%
Burundi
88%
Zimbabwe
88%
No matching quizzes found
Score Distribution
Percent of People with Each Score
Percentile by Number Answered
Your Score History
You have not taken this quiz